Ceuta Trivia - Statistics

General Stats
  • This quiz has been taken 12 times
  • The average score is 4 of 7
Answer Stats
Question Answer % Correct
What country is it part of? Spain
100%
What is the currency? Euro
80%
What country does it border? Morocco
80%
What country took over Ceuta in 1415? Portugal
70%
What is the name of their football team? Agrupación Deportiva Ceuta
20%
Ceuta has an Important ____ Area Bird
20%
What is the closest airport? Sania Ramel Airport
10%
No matching quizzes found
Score Distribution
Percent of People with Each Score
Percentile by Number Answered
Your Score History
You have not taken this quiz